Normal view MARC view

Entry Topical Term

Number of records used in: 2

001 - CONTROL NUMBER

  • control field: 53594

003 - CONTROL NUMBER IDENTIFIER

  • control field: dpl

005 - DATE AND TIME OF LATEST TRANSACTION

  • control field: 20121115123511.0

008 - FIXED-LENGTH DATA ELEMENTS

  • fixed length control field: 121115|||a|||||| | ||| d

040 ## - CATALOGING SOURCE

  • Original cataloging agency: dpl
  • Transcribing agency: dpl

150 ## - HEADING--TOPICAL TERM

  • Topical term or geographic name as entry element: Civilization, Ancient
  • Form subdivision: Encyclopedias.

670 ## - SOURCE DATA FOUND

  • Source citation: Work cat.: (dpl)60543: Hurdman, Charlotte 53593, Encyclopedia of the ancient world /, 2000.

670 ## - SOURCE DATA FOUND

  • Source citation: Work cat.: (dpl)60543: Hurdman, Charlotte 53593, Encyclopedia of the ancient world /, 2000.

© Delhi Public Library
Hit Counter
free hit counter